000 00618nam a2200229 i 4500
001 147090
003 ES-MaACL
005 20250901080023.0
007 t|
008 070921s1957 sp ||||1| spa d
080 _a621.396
100 1 _aDarkness, R. J.
_942731
245 1 0 _aReceptores miniatura /
_cR.J. de Darkness [seud.].
250 _a1ª ed.
260 _aBarcelona :
_bBruguera,
_c1957.
300 _a215 p. :
_bil. ;
_c19 cm.
490 1 _aTécnica al día
650 4 _aRadios
_916664
830 0 _aTécnica al día
_9187437
852 _aES-MaACL
_jC-13889
_bR.41872
999 _c147090
_d147090